Music Quiz

Random Music Quiz

The Mirror (Angel Of Music) - The Phantom Of The Opera Quiz Stats

 Plays Quiz not verified by Sporcle

Challenge
Share
Tweet
Embed
Score 0/113 Timer 07:00
0 Plays Today
% Correct
I
98%
I
98%
I
98%
I
98%
I
98%
I
98%
in
97.4%
in
97.4%
in
97.4%
in
97.4%
of
96.7%
Angel
96.7%
Angel
96.7%
Angel
96.7%
of
96.7%
Angel
96.7%
of
96.7%
Angel.
96.7%
Angel
96.7%
of
96.7%
Angel
96.7%
of
96.7%
Angel
96.7%
of
96.7%
Angel
96.7%
of
96.7%
you.
96.1%
you
96.1%
Music
95.4%
Music
95.4%
Music.
95.4%
Music.
95.4%
Music.
95.4%
Music!
95.4%
your
94.7%
your
94.7%
your
94.7%
your
94.7%
% Correct
your
94.7%
me.
94.1%
me.
94.1%
me.
94.1%
me
94.1%
me
94.1%
me
94.1%
me
94.1%
glory.
91.4%
my
91.4%
my
91.4%
my
91.4%
the
91.4%
glory.
91.4%
hear
90.8%
am
90.8%
to
90.8%
to
90.8%
am
90.8%
to
90.8%
am
90.8%
to
90.8%
Come
90.1%
Come
90.1%
Come
90.1%
Speak
88.8%
listen.
88.8%
this
88.2%
this
88.2%
mirror.
88.2%
Guide
87.5%
See
87.5%
guide
87.5%
boy
86.8%
there
86.8%
hide.
86.2%
face
86.2%
and
86.2%
% Correct
hide
86.2%
Basking
85.5%
at
85.5%
at
85.5%
Forgive
84.9%
Look
84.9%
inside!
84.9%
slave
84.2%
fool
84.2%
triumph!
84.2%
soul
84.2%
know
84.2%
fashion.
83.6%
was
83.6%
weak.
83.6%
child
83.6%
young
82.9%
shadow
82.9%
shall
82.2%
no
82.2%
why
81.6%
longer.
81.6%
Ignorant
80.3%
brave
80.3%
guardian.
80.3%
Insolent
79.6%
suitor.
78.9%
Sharing
78.9%
master.
78.9%
last
77.6%
Stay
77%
by
76.3%
side.
76.3%
Flattering
75.7%
Enter
74.3%
strange
69.7%
Grant
65.1%

You're not logged in!

Compare scores with friends on all Sporcle quizzes.
Join for Free
OR
Log In

You Might Also Like...

Show Comments

Extras

Created Jan 4, 2017ReportNominate
Tags:2004, angel, mirror, opera, phantom, The Opera

Top Quizzes Today


Score Distribution

Your Account Isn't Verified!

In order to create a playlist on Sporcle, you need to verify the email address you used during registration. Go to your Sporcle Settings to finish the process.

Report this User

Report this user for behavior that violates our Community Guidelines.

Details: